000 01091nam a2200277 a 4500
001 000023744
005 20200930022432.0
008 110112s1980 sp a r 000 0 spa d
020 _a8437600510
040 _aDO-SdBNP
_bspa
_cBNPHHU
041 1 7 _aspa
_hfre
_2Código de idioma MARC
082 _a415
_bN721i, 1980
100 1 _aNique, Christian
_948888
240 1 0 _aInitiation méthodique à la grammaire générative.
_lEspañol.
245 1 0 _aIntroducción metódica a la gramática generativa /
_cChristian Nique ; traducción del francés de Pilar Calvo y Francisco Abad ; prólogo ; Simone Delesalle.
250 _a3a ed.
260 _aMadrid :
_bCátedra,
_c1980.
300 _a221 p. :
_bil. ;
_c22 cm.
534 _aTítulo original en francés:
_tInitiation méthodique à la grammaire générative.
500 _aIncluye referencias bibliográficas y notas al pie de las páginas
650 4 _aGramática generativa
_928093
700 1 _aCalvo, Pilar
_etr.
_948889
700 1 _aAbad, Francisco
_etr.
_948890
700 1 _aDelesalle, Simone
_epról.
_948891
049 _aBNGR
999 _c23240
_d23240